000 01724nam a2200385 i 4500
001 194843
003 ES-MaACL
005 20250530063024.0
008 240517-2024 ---|||||-|||||-|| -----|c
017 _aDL M 1728-2024
_bOficina Depósito Legal Madrid
020 _a9788490414958
040 _aES-BaUB
_bcat
_erda
_cES-BaUB
_dES-MaACL
100 _aGilabert, Gaston
_9236476
_eaut
245 _aEl dinero :
_bEconomía, literatura y espectáculo en la sociedad del Siglo de Oro /
_cGaston Gilabert
250 _aPrimera edición: mayo 2024
264 1 _aMadrid :
_bCompañía Nacional de Teatro Clásico,
_cMayo de 2024
300 _a231 páginas ;
_c21 cm
336 _atexto
_btxt
_2rdacontent
337 _asin mediciaón
_bn
_2rdamedia
338 _avolumen
_bnc
_2rdacarrier
520 _aEl dinero dice mucho de la humanidad, de nuestro modo de relacionarnos y de pensarnos. En una moneda podemos leer los anhelos y los miedos de una sociedad.
650 7 _9152334
_aLiteratura española-
_yS.XVI-XVII
650 7 _9163703
_aEconomía-
_zEspaña-
_yS.XVI
650 7 _9163704
_aEconomía-
_zEspaña-
_yS.XVII
650 4 _912489
_aEspectáculos-
_zEspaña-
_yS.XVII
710 0 _93122
_aCompañía Nacional de Teatro Clásico
852 _aES-MaACL
_cDEPOJ
_jN-9965
_xEncuadernación rústica
_hDonación: Gaston Gilabert
_gDedicatoria autógrafa del autor
_9205872
903 _9236476
_aGilabert, Gaston
_ednr
942 _cMONOGRAFIA
_n0
999 _c194843
_d194843